El fin del tiempo : meditación sobre la filosofía de la historia /

Sábháilte in:
Sonraí bibleagrafaíochta
Príomhchruthaitheoir: Pieper, Josef (autor)
Formáid: LEABHAR
Teanga:Spáinnis
Foilsithe / Cruthaithe: Barcelona, España : Herder, 1984, c1984
Ábhair:
Clibeanna: Cuir clib leis
Níl clibeanna ann, Bí ar an gcéad duine le clib a chur leis an taifead seo!

MARC

LEADER 00000nam^a2200000^a^4500
001 000187982
005 20250521000000.0
009 20260310102321.238
020 |a 84-254-1354-0 
037 |a Acervo ITESO - Biblioteca 
041 |a ESP 
082 |a 901.  |b PIE 
100 |a Pieper, Josef  |e (autor) 
240 1 1 |a [Sobre el fin de los tiempos] 
245 1 3 |a El fin del tiempo :  |b meditación sobre la filosofía de la historia /  |c J. Pieper ; tr. por Claudio Gancho. 
264 4 |a Barcelona, España :  |b Herder,  |c 1984, c1984 
300 |a 169 p. 
336 |a texto  |b txt  |2 rdacontenido 
337 |a sin mediación  |b n  |2 rdamedio 
338 |a volumen  |b nc  |2 rdasoporte 
500 |a Traducción de: Uber das Ende der Zeit 
649 |a XX 
650 |a Tiempo (Concepto) -  |x Filosofía -  |x Tema Principal 
650 |a Historia -  |x Filosofía -  |x Tema Principal 
650 |a Filosofía 
910 |a Fondo General 
920 |a Impresos - Libros 
930 |a Colección General 
905 |a 101 
901 |a 0500130442  |b IT1  |c ACC  |u 20250521 
902 |a https://opac.biblio.iteso.mx/vufind/Record/000187982